[Event "XXIX Miedzynarodowy Festiwal Szachowy CRACOVIA-2018 Grupa B"]
[Site "Krakow, Hotel Galaxy, ul. Gesia 22a"]
[Date "2018.12.31"]
[Round "6.55"]
[White "Raclawicki, Kacper"]
[Black "Pilch, Anna"]
[Result "1-0"]
[WhiteElo "1794"]
[BlackElo "1838"]
[PlyCount "69"]
[EventDate "2018.??.??"]

1. g3 g6 2. Bg2 Bg7 3. c4 Nf6 4. Nc3 O-O 5. d4 d6 6. Nf3 Ne8 7. O-O Nd7 8. e4
e5 9. dxe5 dxe5 10. Bg5 Nef6 11. Qd2 c6 12. Rad1 Qe8 13. Qd6 h6 14. Bc1 Nh7 15.
c5 f5 16. b4 a5 17. a3 g5 18. exf5 e4 19. Nd4 Ne5 20. Nxe4 Bxf5 21. Nxf5 Rxf5
22. Rfe1 Qf7 23. f4 gxf4 24. Bxf4 Ng6 25. Bh3 Bf8 26. Qd7 Qxd7 27. Rxd7 Rf7 28.
Be6 Nh8 29. Rxb7 axb4 30. axb4 Bg7 31. Nd6 Ng5 32. Bxg5 hxg5 33. Nxf7 Nxf7 34.
Rxf7 Re8 35. Re7+ 1-0

[Event "XXIX Miedzynarodowy Festiwal Szachowy CRACOVIA-2018 Grupa B"]
[Site "Krakow, Hotel Galaxy, ul. Gesia 22a"]
[Date "2018.12.31"]
[Round "6.57"]
[White "Wnek, Filip"]
[Black "Dryja, Szymon"]
[Result "1-0"]
[WhiteElo "1735"]
[BlackElo "1795"]
[PlyCount "101"]
[EventDate "2018.??.??"]

1. e4 c5 2. Nf3 Nc6 3. d4 cxd4 4. Nxd4 Qb6 5. Nb3 Nf6 6. Nc3 e6 7. Qe2 Bb4 8.
Bd2 O-O 9. a3 Be7 10. g4 d5 11. exd5 Nxd5 12. Nxd5 exd5 13. O-O-O Bf6 14. g5
Nd4 15. Qe3 Nxb3+ 16. Qxb3 Qxb3 17. cxb3 Be7 18. Bg2 Be6 19. Be3 Rfd8 20. Rhe1
b6 21. h4 Rac8+ 22. Kb1 Bc5 23. Bxc5 bxc5 24. Re5 d4 25. Rd3 g6 26. f4 a5 27.
Be4 a4 28. bxa4 c4 29. Rd2 c3 30. bxc3 Rxc3 31. f5 gxf5 32. Bxf5 Bc4 33. h5 Rg3
34. Rxd4 Rb8+ 35. Kc1 Ba6 36. Red5 Rg1+ 37. Kc2 Rg2+ 38. Rd2 Rxd2+ 39. Kxd2 Re8
40. Kc3 Bc8 41. Bxc8 Rxc8+ 42. Kb4 h6 43. a5 hxg5 44. Rxg5+ Kf8 45. a6 Ke7 46.
Ka5 Kd7 47. Rd5+ Kc6 48. Rd2 f5 49. Rc2+ Kd7 50. Rxc8 Kxc8 51. h6 1-0

[Event "XXIX Miedzynarodowy Festiwal Szachowy CRACOVIA-2018 Grupa B"]
[Site "Krakow, Hotel Galaxy, ul. Gesia 22a"]
[Date "2018.12.31"]
[Round "6.58"]
[White "Zielinski, Marcin"]
[Black "Czyzykiewicz, Rafal"]
[Result "0-1"]
[WhiteElo "1576"]
[BlackElo "1730"]
[PlyCount "81"]
[EventDate "2018.??.??"]

1. d4 Nf6 2. c4 c5 3. d5 b5 4. cxb5 a6 5. b6 e6 6. Nc3 Nxd5 7. Nxd5 exd5 8.
Qxd5 Nc6 9. e4 Be7 10. Bc4 O-O 11. Nf3 Rb8 12. O-O Rxb6 13. Be3 d6 14. Qd2 Bg4
15. Be2 Bf6 16. Rab1 Re8 17. Rfd1 Bxf3 18. Bxf3 Nd4 19. Bxd4 Bxd4 20. b3 Qf6
21. Rbc1 Rb4 22. Rc2 a5 23. Kf1 Qe5 24. g3 Reb8 25. Rb1 a4 26. Qd3 Qe6 27. Bd1
axb3 28. axb3 Rxb3 29. Rxb3 Rxb3 30. Qa6 Rb8 31. Qa7 Re8 32. Re2 h5 33. Qb7 h4
34. Kg2 h3+ 35. Kf1 Qf6 36. Bb3 Qf3 37. Ra2 Qh1+ 38. Ke2 Rxe4+ 39. Kd3 Re3+ 40.
fxe3 Qxb7 41. Bc4 0-1

[Event "XXIX Miedzynarodowy Festiwal Szachowy CRACOVIA-2018 Grupa B"]
[Site "Krakow, Hotel Galaxy, ul. Gesia 22a"]
[Date "2018.12.31"]
[Round "6.59"]
[White "Alothman, Salem"]
[Black "Kalosha, Zhiulien Oleksii"]
[Result "0-1"]
[WhiteElo "1593"]
[BlackElo "1795"]
[PlyCount "52"]
[EventDate "2018.??.??"]

1. e4 e5 2. Nf3 Nc6 3. d4 exd4 4. Nxd4 Bc5 5. Be3 Qf6 6. c3 Nge7 7. Bc4 d6 8.
O-O O-O 9. Na3 Qg6 10. Nxc6 Nxc6 11. Bxc5 dxc5 12. f3 Ne5 13. Be2 Bh3 14. Rf2
Rad8 15. Qc2 f5 16. f4 fxe4 17. fxe5 Rxf2 18. Bc4+ Rf7 19. Rf1 Be6 20. Bxe6
Qxe6 21. Qxe4 Rxf1+ 22. Kxf1 Qxa2 23. Qc4+ Qxc4+ 24. Nxc4 Re8 25. Kf2 b5 26.
Na3 c6 0-1

[Event "XXIX Miedzynarodowy Festiwal Szachowy CRACOVIA-2018 Grupa B"]
[Site "Krakow, Hotel Galaxy, ul. Gesia 22a"]
[Date "2019.01.02"]
[Round "7.5"]
[White "Kumor, Lukasz"]
[Black "Smal, Tobiasz"]
[Result "0-1"]
[BlackElo "1958"]
[WhiteElo "2040"]
[LiveChessVersion "1.4.8"]

1. e4 {[%clk 1:31:00]} e6 {[%clk 1:27:52]} 2. d4 {[%clk 1:29:25]} d5
{[%clk 1:28:14]} 3. Nc3 {[%clk 1:26:43]} Nf6 {[%clk 1:28:28]} 4. Bg5
{[%clk 1:25:56]} Be7 {[%clk 1:28:46]} 5. e5 {[%clk 1:26:19]} Nfd7
{[%clk 1:29:11]} 6. Bxe7 {[%clk 1:18:41]} Qxe7 {[%clk 1:29:34]} 7. f4
{[%clk 1:19:05]} a6 {[%clk 1:27:53]} 8. Nf3 {[%clk 1:19:20]} c5 {[%clk 1:27:28]}
9. Qd2 {[%clk 1:16:33]} Nc6 {[%clk 1:27:33]} 10. dxc5 {[%clk 1:15:44]} Nxc5
{[%clk 1:27:16]} 11. Bd3 {[%clk 1:10:08]} b5 {[%clk 1:20:22]} 12. O-O
{[%clk 1:06:37]} b4 {[%clk 0:53:07]} 13. Ne2 {[%clk 1:01:35]} a5 {[%clk 0:44:02]}
14. Bb5 {[%clk 0:55:40]} Bd7 {[%clk 0:42:14]} 15. Bxc6 {[%clk 0:39:10]} Bxc6
{[%clk 0:42:42]} 16. Nfd4 {[%clk 0:29:54]} Bd7 {[%clk 0:35:32]} 17. Ng3
{[%clk 0:23:49]} O-O {[%clk 0:30:26]} 18. Qe3 {[%clk 0:16:32]} g6
{[%clk 0:30:17]} 19. Nh1 {[%clk 0:10:53]} f6 {[%clk 0:23:42]} 20. exf6
{[%clk 0:10:10]} Qxf6 {[%clk 0:23:26]} 21. Rae1 {[%clk 0:06:45]} Ne4
{[%clk 0:16:55]} 22. Ng3 {[%clk 0:05:48]} Nd6 {[%clk 0:14:44]} 23. b3
{[%clk 0:03:51]} Rac8 {[%clk 0:13:47]} 24. Rf2 {[%clk 0:02:52]} Rc3
{[%clk 0:13:29]} 25. Qe5 {[%clk 0:02:36]} Qxe5 {[%clk 0:13:10]} 26. Rxe5
{[%clk 0:02:51]} Kf7 {[%clk 0:12:30]} 27. Rfe2 {[%clk 0:02:46]} Re8
{[%clk 0:12:41]} 28. Re1 {[%clk 0:01:30]} Kf6 {[%clk 0:10:57]} 29. Nge2
{[%clk 0:01:27]} Rc7 {[%clk 0:09:31]} 30. Ng3 {[%clk 0:01:22]} Nb5
{[%clk 0:08:41]} 31. Nxb5 {[%clk 0:00:44]} Bxb5 {[%clk 0:09:09]} 32. Ne4+
{[%clk 0:00:45]} dxe4 {[%clk 0:07:24]} 33. Rxb5 {[%clk 0:01:14]} Rxc2
{[%clk 0:07:52]} 34. Rxa5 {[%clk 0:01:28]} Rd8 {[%clk 0:07:55]} 35. h4
{[%clk 0:00:56]} Rd5 {[%clk 0:07:16]} 36. Ra6 {[%clk 0:00:55]} Kf5
{[%clk 0:07:24]} 37. Kh2 {[%clk 0:00:51]} Rdd2 {[%clk 0:06:58]} 38. Ra5+
{[%clk 0:00:52]} Kxf4 {[%clk 0:07:09]} 39. Rg5 {[%clk 0:00:44]} e3
{[%clk 0:06:43]} 40. Rg3 {[%clk 0:30:53]} e2 {[%clk 0:35:50]} 41. Rf3+
{[%clk 0:28:06]} Ke4 {[%clk 0:27:41]} 42. Kg1 {[%clk 0:26:59]} Rd1
{[%clk 0:27:45]} 43. Kf2 {[%clk 0:27:15]} Rxe1 {[%clk 0:28:10]} 44. Kxe1
{[%clk 0:27:31]} e5 {[%clk 0:27:49]} 45. Rf7 {[%clk 0:23:39]} Ke3
{[%clk 0:18:05]} 46. Rf3+ {[%clk 0:23:44]} Kd4 {[%clk 0:18:30]} 47. Kf2
{[%clk 0:18:51]} Rxa2 {[%clk 0:18:47]} 48. g3 {[%clk 0:09:31]} Rb2
{[%clk 0:17:50]} 49. g4 {[%clk 0:05:12]} Ke4 {[%clk 0:16:24]} 50. Rf7
{[%clk 0:04:33]} h5 {[%clk 0:13:54]} 51. gxh5 {[%clk 0:03:18]} gxh5
{[%clk 0:14:23]} 52. Rh7 {[%clk 0:02:56]} Rxb3 {[%clk 0:09:08]} 53. Kxe2
{[%clk 0:02:51]} Rb2+ {[%clk 0:09:13]} 54. Kd1 {[%clk 0:02:59]} Kd3
{[%clk 0:05:59]} 55. Rd7+ {[%clk 0:02:06]} Ke3 56. Rh7 {[%clk 0:01:32]} b3
{[%clk 0:03:15]} 57. Kc1 {[%clk 0:01:37]} Rc2+ {[%clk 0:03:22]} 58. Kd1
{[%clk 0:00:37]} Rh2 {[%clk 0:03:39]} 59. Kc1 {[%clk 0:00:40]} Rxh4
{[%clk 0:02:54]} 60. Kb2 {[%clk 0:00:35]} e4 {[%clk 0:02:43]} 61. Kxb3
{[%clk 0:00:53]} Ke2 {[%clk 0:02:41]} 62. Kc3 {[%clk 0:00:56]} e3
{[%clk 0:03:05]} 63. Ra7 {[%clk 0:00:40]} Kf1 {[%clk 0:01:41]} 64. Kd3
{[%clk 0:00:35]} e2 {[%clk 0:01:46]} 65. Rf7+ {[%clk 0:00:52]} Ke1
{[%clk 0:02:11]} 66. Kc2 {[%clk 0:00:36]} Rc4+ {[%clk 0:01:40]} 67. Kd3
{[%clk 0:00:58]} Rc6 {[%clk 0:01:10]} 68. Ra7 {[%clk 0:00:37]} Rf6
{[%clk 0:00:52]} 69. Re7 {[%clk 0:00:34]} Kf1 {[%clk 0:00:50]} 70. Rxe2
{[%clk 0:00:35]} Rd6+ {[%clk 0:01:07]} 71. Ke3 {[%clk 0:00:37]} Re6+
{[%clk 0:01:30]} 72. Kf4 {[%clk 0:00:37]} Kxe2 {[%clk 0:01:26]} 73. Kg5
{[%clk 0:00:33]} Rh6 {[%clk 0:01:12]} 74. Kxh6 {[%clk 0:00:35]} h4
{[%clk 0:01:36]} 0-1

[Event "XXIX Miedzynarodowy Festiwal Szachowy CRACOVIA-2018 Grupa B"]
[Site "Krakow, Hotel Galaxy, ul. Gesia 22a"]
[Date "2019.01.02"]
[Round "7.9"]
[White "Mielczarek, Daniel"]
[Black "Romashov, Anton"]
[Result "0-1"]
[WhiteElo "1930"]
[BlackElo "2076"]
[PlyCount "24"]
[EventDate "2019.??.??"]

1. d4 Nf6 2. Bg5 e6 3. Nf3 c5 4. c3 Nc6 5. d5 exd5 6. Bxf6 Qxf6 7. Qxd5 Be7 8.
e4 d6 9. Bb5 O-O 10. h4 Qg6 11. g3 Be6 12. Qd1 Qxe4+ 0-1

[Event "XXIX Miedzynarodowy Festiwal Szachowy CRACOVIA-2018 Grupa B"]
[Site "Krakow, Hotel Galaxy, ul. Gesia 22a"]
[Date "2019.01.02"]
[Round "7.10"]
[White "Jeda, Maciej"]
[Black "Skomial, Mateusz"]
[Result "0-1"]
[WhiteElo "1917"]
[BlackElo "2050"]
[PlyCount "44"]
[EventDate "2019.??.??"]

1. e4 e5 2. Nf3 Nf6 3. Nxe5 d6 4. Nf3 Nxe4 5. c4 Be7 6. Nc3 Nxc3 7. dxc3 O-O 8.
Bd3 Nc6 9. O-O Bg4 10. Be4 Rb8 11. Bf4 Kh8 12. Qc2 f5 13. Bd5 g5 14. Be3 f4 15.
Bd4+ Bf6 16. Nxg5 Qd7 17. Bxc6 bxc6 18. Bxf6+ Rxf6 19. Ne4 Rg6 20. Kh1 Bf3 21.
Ng3 Qh3 22. Rg1 Qxh2+ 0-1

[Event "XXIX Miedzynarodowy Festiwal Szachowy CRACOVIA-2018 Grupa B"]
[Site "Krakow, Hotel Galaxy, ul. Gesia 22a"]
[Date "2019.01.02"]
[Round "7.11"]
[White "Barchuk, Irina"]
[Black "Bakalarz, Leszek"]
[Result "0-1"]
[WhiteElo "2023"]
[BlackElo "1927"]
[PlyCount "106"]
[EventDate "2019.??.??"]

1. e4 c5 2. Nf3 d6 3. d4 cxd4 4. Nxd4 Nf6 5. Nc3 g6 6. Be3 Bg7 7. f3 Nc6 8. Qd2
h5 9. O-O-O Bd7 10. h3 a6 11. f4 b5 12. a3 Qb8 13. e5 dxe5 14. fxe5 Qxe5 15.
Kb1 O-O 16. Be2 Rad8 17. g4 hxg4 18. hxg4 Nxd4 19. Bxd4 Qd6 20. Qe3 Bc6 21. g5
Bxh1 22. gxf6 exf6 23. Bb6 Qe5 24. Rxd8 Rxd8 25. Qxe5 fxe5 26. Bxd8 f5 27. Kc1
Bc6 28. a4 bxa4 29. Bxa6 e4 30. Bb5 Bxb5 31. Nxb5 Kf7 32. Bg5 Ke6 33. c3 Kd5
34. Nc7+ Ke5 35. Be3 Bf8 36. Bd4+ Kd6 37. Nb5+ Kd5 38. Be3 Kc4 39. Nd4 Kd3 40.
Bg5 e3 41. Nc2 Bc5 42. Nb4+ Ke4 43. Kd1 f4 44. Na6 Bd6 45. Bd8 f3 46. Bc7 Bxc7
47. Nxc7 g5 48. Ne6 g4 49. Ke1 g3 50. Ng5+ Kf4 51. Ne6+ Kg4 52. Kf1 g2+ 53. Kg1
Kg3 0-1

[Event "XXIX Miedzynarodowy Festiwal Szachowy CRACOVIA-2018 Grupa B"]
[Site "Krakow, Hotel Galaxy, ul. Gesia 22a"]
[Date "2019.01.02"]
[Round "7.12"]
[White "Fronczak, Sebastian"]
[Black "Szwaj, Jacek"]
[Result "0-1"]
[WhiteElo "1912"]
[BlackElo "1968"]
[PlyCount "134"]
[EventDate "2019.??.??"]

1. e4 c5 2. Nf3 d6 3. d4 cxd4 4. Nxd4 Nf6 5. Nc3 a6 6. Nb3 e5 7. Be2 Be6 8. f4
Qc7 9. g4 b5 10. a3 Nfd7 11. f5 Bxb3 12. cxb3 Nb6 13. Be3 N8d7 14. g5 Qb7 15.
O-O Be7 16. b4 Rc8 17. Rc1 h6 18. g6 O-O 19. gxf7+ Rxf7 20. Bh5 Rf6 21. Nd5 Bd8
22. Rxc8 Qxc8 23. Nxf6+ Nxf6 24. Bf3 Nc4 25. Qe2 Qb7 26. Bf2 a5 27. Rd1 axb4
28. axb4 Bb6 29. b3 Bxf2+ 30. Qxf2 Nxe4 31. bxc4 Nxf2 32. Bxb7 Nxd1 33. Bc6 Kf8
34. Bxb5 Ke7 35. Ba4 Nc3 36. Bc2 Na2 37. b5 Kd7 38. Kf2 Kc7 39. Ke3 Kb6 40. Kd2
Kc5 41. Bb1 Nb4 42. Kc3 d5 43. cxd5 Nxd5+ 44. Kd3 Nf6 45. Ke3 Kxb5 46. h3 Kc5
47. Ba2 Kd6 48. Bc4 Nd7 49. Bb3 Ke7 50. Bc2 Nc5 51. Kf3 Kf6 52. h4 Nb7 53. Kg4
Nd6 54. h5 Nc4 55. Kf3 Kg5 56. Ke4 Kxh5 57. Bd3 Nd2+ 58. Kxe5 Kg5 59. Ke6 Nf3
60. Be4 Nd4+ 61. Ke5 Ne2 62. Bg2 h5 63. Bh3 h4 64. Bf1 Nf4 65. Bb5 h3 66. Bc6
Nh5 67. Bb7 Ng3 0-1

[Event "XXIX Miedzynarodowy Festiwal Szachowy CRACOVIA-2018 Grupa B"]
[Site "Krakow, Hotel Galaxy, ul. Gesia 22a"]
[Date "2019.01.02"]
[Round "7.13"]
[White "Hasterok, Mateusz"]
[Black "Jablonska, Sabina"]
[Result "1-0"]
[WhiteElo "1884"]
[BlackElo "1964"]
[PlyCount "99"]
[EventDate "2019.??.??"]

1. d4 Nf6 2. c4 c5 3. d5 e6 4. Nc3 exd5 5. cxd5 Bd6 6. e4 O-O 7. Nf3 Re8 8. Bd3
Bc7 9. O-O d6 10. h3 Nbd7 11. Qc2 a6 12. a4 Rb8 13. Bf4 Nf8 14. Rab1 Ng6 15.
Bh2 Ba5 16. Na2 b5 17. b4 c4 18. bxa5 cxd3 19. Qxd3 Nxe4 20. axb5 Qxa5 21. Rfe1
Bf5 22. g4 Ng5 23. Rxe8+ Rxe8 24. gxf5 Nxf3+ 25. Kg2 Ngh4+ 26. Kg3 Qd8 27. Rb4
axb5 28. Qxb5 h5 29. f6 gxf6 30. Rxh4 Nxh4 31. Kxh4 f5+ 32. Kg3 Qe7 33. Qd3 Ra8
34. Nb4 Qg5+ 35. Kf3 Qh4 36. Bxd6 Qxh3+ 37. Ke2 Qg4+ 38. Kd2 h4 39. Nc2 f4 40.
Qd4 Rd8 41. Bc7 Rd7 42. Bxf4 Rxd5 43. Qxd5 Qxf4+ 44. Ke2 h3 45. Ne3 h2 46. Qg2+
Kf8 47. Qh3 Qe5 48. Kf3 f5 49. Kg2 f4 50. Qf5+ 1-0

[Event "XXIX Miedzynarodowy Festiwal Szachowy CRACOVIA-2018 Grupa B"]
[Site "Krakow, Hotel Galaxy, ul. Gesia 22a"]
[Date "2019.01.02"]
[Round "7.14"]
[White "Jankowiak, Piotr"]
[Black "Beraia, Levan"]
[Result "1-0"]
[WhiteElo "1952"]
[BlackElo "1851"]
[PlyCount "57"]
[EventDate "2019.??.??"]

1. d4 Nf6 2. Bf4 g6 3. Nc3 Bg7 4. e4 c5 5. d5 Qa5 6. Qd2 d6 7. f3 a6 8. g4 h5
9. g5 Nfd7 10. Nd1 Qxd2+ 11. Kxd2 b5 12. a4 bxa4 13. Rxa4 a5 14. h4 Nb6 15. Ra2
Ba6 16. Bxa6 Nxa6 17. c3 O-O 18. Ne2 a4 19. Kc2 Rfb8 20. Ne3 Nc7 21. Ng2 Nb5
22. Ne3 Kh7 23. Bg3 f6 24. gxf6 Bxf6 25. Kd3 Bg7 26. f4 Rf8 27. Rha1 Bh6 28.
Nc4 Nxc4 29. Kxc4 1-0

[Event "XXIX Miedzynarodowy Festiwal Szachowy CRACOVIA-2018 Grupa B"]
[Site "Krakow, Hotel Galaxy, ul. Gesia 22a"]
[Date "2019.01.02"]
[Round "7.15"]
[White "Kepowicz, Artur"]
[Black "Rysaev, Danial"]
[Result "0-1"]
[WhiteElo "1869"]
[BlackElo "1945"]
[PlyCount "104"]
[EventDate "2019.??.??"]

1. Nf3 Nf6 2. d4 g6 3. g3 c5 4. d5 d6 5. Bg2 Bg7 6. O-O O-O 7. c4 b5 8. cxb5 a6
9. b6 Bf5 10. Nfd2 Qxb6 11. Nc3 Ng4 12. h3 Nf6 13. Kh2 h5 14. e4 Bd7 15. Re1 h4
16. g4 Bb5 17. f4 Bd3 18. Nf3 c4 19. Qd2 Nbd7 20. Nxh4 Nc5 21. Bf3 e6 22. g5
Nh5 23. Bxh5 gxh5 24. Qg2 Rac8 25. g6 f5 26. exf5 exf5 27. Be3 Rb8 28. Na4 Qb4
29. Nxc5 dxc5 30. Rad1 Qxb2 31. Rd2 Qf6 32. Nf3 Qd6 33. Qg5 Rfe8 34. Rg2 Be4
35. Qxh5 Qxd5 36. Rd2 Bd3 37. Ne5 Rxe5 38. Qh7+ Kf8 39. Bxc5+ Qxc5 40. Rxe5 Qc7
41. Rxd3 Bxe5 42. g7+ Qxg7 43. Qxf5+ Qf6 44. Qxf6+ Bxf6 45. Rd6 Ke7 46. Rc6 c3
47. Kg3 Rb2 48. Rxa6 c2 49. Rc6 Rxa2 50. Kg4 Bd4 51. Kf3 Ra3+ 52. Ke2 Bc3 0-1

[Event "XXIX Miedzynarodowy Festiwal Szachowy CRACOVIA-2018 Grupa B"]
[Site "Krakow, Hotel Galaxy, ul. Gesia 22a"]
[Date "2019.01.02"]
[Round "7.16"]
[White "Ociepka, Tomasz"]
[Black "Janus, Przemyslaw"]
[Result "0-1"]
[WhiteElo "1907"]
[BlackElo "2091"]
[PlyCount "70"]
[EventDate "2019.??.??"]

1. e4 c5 2. Nf3 d6 3. d4 cxd4 4. Nxd4 Nf6 5. Nc3 g6 6. Be3 Bg7 7. f3 Nc6 8. Qd2
O-O 9. O-O-O Nxd4 10. Bxd4 Be6 11. h4 Qa5 12. a3 Rac8 13. h5 Bc4 14. hxg6 hxg6
15. g4 Bxf1 16. Rdxf1 Rc4 17. Re1 Rfc8 18. g5 Nh5 19. Bxg7 Kxg7 20. f4 Rxc3 21.
bxc3 Qxa3+ 22. Kd1 Rxc3 23. Rhf1 Ng3 24. Rf2 Rc4 25. Qd3 Qb4 26. Qxg3 Qb1+ 27.
Ke2 Rxe4+ 28. Kd3 Rxe1 29. Rh2 Qd1+ 30. Kc3 Qa1+ 31. Kd2 Qc1+ 32. Kd3 Rd1+ 33.
Kc3 Qa3+ 34. Kc4 d5+ 35. Kb5 Qxg3 0-1

[Event "XXIX Miedzynarodowy Festiwal Szachowy CRACOVIA-2018 Grupa B"]
[Site "Krakow, Hotel Galaxy, ul. Gesia 22a"]
[Date "2019.01.02"]
[Round "7.17"]
[White "Skurniak, Szymon"]
[Black "Pastuszko, Kinga"]
[Result "1-0"]
[WhiteElo "1895"]
[BlackElo "2029"]
[PlyCount "75"]
[EventDate "2019.??.??"]

1. e4 e5 2. Nf3 Nc6 3. Bc4 Nf6 4. d3 Bc5 5. O-O O-O 6. c3 d6 7. Nbd2 Bb6 8. h3
Ne7 9. Re1 Ng6 10. Nf1 c6 11. Bb3 h6 12. Ng3 Nh7 13. d4 Ng5 14. Be3 Qf6 15.
Nxg5 hxg5 16. Qd2 Nf4 17. Rad1 g4 18. h4 Be6 19. d5 cxd5 20. exd5 Bd7 21. Ne4
Qxh4 22. Bxf4 exf4 23. Qxf4 f5 24. Nxd6 Bc7 25. g3 Qf6 26. Ne8 Bxf4 27. Nxf6+
Rxf6 28. gxf4 Kf8 29. Re5 a5 30. Rde1 Re8 31. c4 Rb6 32. c5 Rb4 33. d6 b6 34.
c6 Rxe5 35. fxe5 Bxc6 36. Rc1 Be8 37. e6 Rd4 38. e7# 1-0

[Event "XXIX Miedzynarodowy Festiwal Szachowy CRACOVIA-2018 Grupa B"]
[Site "Krakow, Hotel Galaxy, ul. Gesia 22a"]
[Date "2019.01.02"]
[Round "7.18"]
[White "Widla, Piotr"]
[Black "Koloczek, Maciej"]
[Result "0-1"]
[WhiteElo "2024"]
[BlackElo "1852"]
[PlyCount "58"]
[EventDate "2019.??.??"]

1. e4 e6 2. Nc3 d5 3. d4 Bb4 4. e5 Ne7 5. Bd2 b6 6. a3 Bxc3 7. Bxc3 Ba6 8. Bxa6
Nxa6 9. Qd3 Qc8 10. Ne2 O-O 11. Ng3 c5 12. O-O Nb8 13. f4 Nbc6 14. f5 exf5 15.
Rxf5 cxd4 16. Bd2 Nxf5 17. Nxf5 Nxe5 18. Qh3 Ng6 19. Rf1 Qe6 20. Re1 Qc6 21.
Nxd4 Qc4 22. Bc3 Rae8 23. Rf1 Re4 24. Nf5 Nf4 25. Qf3 Ne2+ 26. Kh1 Rf4 27. Bxg7
Ng3+ 28. Nxg3 Rxf3 29. gxf3 Kxg7 0-1

[Event "XXIX Miedzynarodowy Festiwal Szachowy CRACOVIA-2018 Grupa B"]
[Site "Krakow, Hotel Galaxy, ul. Gesia 22a"]
[Date "2019.01.02"]
[Round "7.19"]
[White "Zianowicz, Dominik"]
[Black "Jedynak, January"]
[Result "0-1"]
[WhiteElo "1969"]
[BlackElo "1759"]
[PlyCount "40"]
[EventDate "2019.??.??"]

1. d4 d5 2. c4 e6 3. Nc3 c6 4. e4 dxe4 5. Nxe4 Bb4+ 6. Bd2 Qxd4 7. Bxb4 Qxe4+
8. Be2 Na6 9. Bc3 Nf6 10. Qd6 Bd7 11. O-O-O O-O-O 12. Ba5 b6 13. c5 Nxc5 14.
Rd4 Qxg2 15. Bd2 Ne8 16. Qg3 Qxg3 17. hxg3 e5 18. Rdh4 Bf5 19. Bg4 Bxg4 20.
Rxg4 Nd3+ 0-1

[Event "XXIX Miedzynarodowy Festiwal Szachowy CRACOVIA-2018 Grupa B"]
[Site "Krakow, Hotel Galaxy, ul. Gesia 22a"]
[Date "2019.01.02"]
[Round "7.21"]
[White "Zeliantsova, Kseniya"]
[Black "Konyves, Almos"]
[Result "0-1"]
[WhiteElo "1858"]
[BlackElo "1963"]
[PlyCount "80"]
[EventDate "2019.??.??"]

1. e4 e5 2. Nf3 Nc6 3. Bb5 a6 4. Ba4 Nf6 5. O-O Be7 6. Re1 b5 7. Bb3 d6 8. c3
O-O 9. h3 Na5 10. Bc2 c5 11. d4 Qc7 12. Nbd2 cxd4 13. cxd4 Nc6 14. d5 Nb4 15.
Bb1 a5 16. a3 Na6 17. Nf1 Bd7 18. Ng3 Rfc8 19. Be3 a4 20. Bd3 Qb7 21. Nh2 Nc5
22. f4 exf4 23. Bxf4 Bf8 24. Nf3 Nxd3 25. Qxd3 Rc4 26. Nd4 g6 27. Rad1 Bg7 28.
Nge2 Re8 29. Nc3 Ng4 30. Be3 Nxe3 31. Qxe3 b4 32. Nce2 Qxd5 33. Qf2 Qxe4 34.
Nf3 Rc2 35. Ng3 Qc6 36. Qf1 Bxb2 37. Ng5 Qc5+ 38. Kh1 Qxg5 39. Ne4 Rxe4 40.
Rxe4 Rxg2 0-1

[Event "XXIX Miedzynarodowy Festiwal Szachowy CRACOVIA-2018 Grupa B"]
[Site "Krakow, Hotel Galaxy, ul. Gesia 22a"]
[Date "2019.01.02"]
[Round "7.22"]
[White "Dzida, Kamil"]
[Black "Bobrowski, Damian"]
[Result "1-0"]
[WhiteElo "1951"]
[BlackElo "1597"]
[PlyCount "65"]
[EventDate "2019.??.??"]

1. e4 e6 2. d4 d5 3. Nd2 dxe4 4. Nxe4 Bd7 5. Nf3 Bc6 6. Bd3 Nd7 7. O-O Ngf6 8.
Qe2 Nxe4 9. Bxe4 Bxe4 10. Qxe4 c6 11. c4 Nf6 12. Qe2 Qc7 13. b3 Be7 14. Bb2 O-O
15. Rad1 Rad8 16. Rfe1 Qa5 17. Qc2 Nd7 18. Ba1 Bb4 19. Re3 Qh5 20. Rdd3 Bd6 21.
h3 Bb8 22. Bb2 Qg6 23. Qe2 b6 24. b4 Rfe8 25. a3 b5 26. cxb5 cxb5 27. d5 e5 28.
Rd1 e4 29. Nh4 Qg5 30. Rxe4 Rxe4 31. Qxe4 Nf6 32. Qe7 Rxd5 33. Qd8+ 1-0

[Event "XXIX Miedzynarodowy Festiwal Szachowy CRACOVIA-2018 Grupa B"]
[Site "Krakow, Hotel Galaxy, ul. Gesia 22a"]
[Date "2019.01.02"]
[Round "7.23"]
[White "Goraj, Barbara"]
[Black "Grishchenko, Mihail"]
[Result "1/2-1/2"]
[WhiteElo "1786"]
[BlackElo "1936"]
[PlyCount "140"]
[EventDate "2019.??.??"]

1. e4 e6 2. d4 d5 3. Nd2 c5 4. exd5 Qxd5 5. Ngf3 cxd4 6. Bc4 Qd8 7. O-O Nc6 8.
Nb3 Bd7 9. Nbxd4 Nxd4 10. Nxd4 Rc8 11. Qe2 Qc7 12. Bb3 Nf6 13. Re1 a6 14. Bg5
Bc5 15. Rad1 Kf8 16. Qf3 Bxd4 17. Rxd4 Bc6 18. Qd3 Re8 19. Bxf6 gxf6 20. Rh4
Rg8 21. g3 Qa5 22. Rd1 h5 23. c3 Qg5 24. Kf1 Kg7 25. Bc2 Qh6 26. Qe2 Rh8 27.
Be4 Bxe4 28. Qxe4 b5 29. Qf3 Qg5 30. Kg2 f5 31. Rd7 Kg6 32. Qb7 Qf6 33. Qxa6
Ra8 34. Qxb5 Rxa2 35. Qb3 Ra1 36. Rd1 Raa8 37. Qc2 e5 38. Qe2 Qc6+ 39. Kg1 e4
40. Qd2 Ra2 41. h3 Qb6 42. Qf4 Rd8 43. Rxd8 Qxd8 44. g4 fxg4 45. Qxe4+ Kg5 46.
Rxh5+ Kxh5 47. Qh7+ Kg5 48. Qg7+ Kf4 49. Qxf7+ Ke5 50. Qxa2 gxh3 51. Kh2 Qd1
52. Qa5+ Ke4 53. Qa8+ Kf5 54. Qf8+ Ke4 55. Qe7+ Kf5 56. Qh7+ Kf6 57. Qh6+ Kf7
58. Qf4+ Kg6 59. Qg3+ Kf6 60. c4 Qe2 61. b3 Qf1 62. Qf3+ Ke5 63. Qe3+ Kd6 64.
Qf4+ Kc5 65. Qg3 Kb4 66. Qf3 Kc5 67. Qf8+ Kd4 68. Qd6+ Kc3 69. Qg3+ Kb4 70. Qf3
Kc5 1/2-1/2

[Event "XXIX Miedzynarodowy Festiwal Szachowy CRACOVIA-2018 Grupa B"]
[Site "Krakow, Hotel Galaxy, ul. Gesia 22a"]
[Date "2019.01.02"]
[Round "7.24"]
[White "Pasti, Anna"]
[Black "Gawronski, Lukasz"]
[Result "1-0"]
[WhiteElo "1832"]
[BlackElo "1916"]
[PlyCount "43"]
[EventDate "2019.??.??"]

1. e4 e6 2. d4 d5 3. Nc3 Bb4 4. Qg4 Nf6 5. Qxg7 Rg8 6. Qh6 dxe4 7. Nge2 Bd7 8.
Bg5 Rg6 9. Qh4 Bc6 10. O-O-O Bd6 11. d5 exd5 12. Nxd5 Nbd7 13. Nxf6+ Nxf6 14.
Nd4 Qe7 15. Bc4 O-O-O 16. Nxc6 bxc6 17. Rhe1 Kb7 18. f3 Rdg8 19. Rxe4 Be5 20.
Bxf6 Rxf6 21. Rde1 Qc5 22. Rxe5 1-0

[Event "XXIX Miedzynarodowy Festiwal Szachowy CRACOVIA-2018 Grupa B"]
[Site "Krakow, Hotel Galaxy, ul. Gesia 22a"]
[Date "2019.01.02"]
[Round "7.25"]
[White "Kusnetsov, Igor"]
[Black "Podgorski, Maciej"]
[Result "1-0"]
[WhiteElo "2094"]
[BlackElo "1841"]
[PlyCount "81"]
[EventDate "2019.??.??"]

1. g4 d5 2. Bg2 Bxg4 3. c4 c6 4. cxd5 cxd5 5. Nc3 Nf6 6. Qb3 e6 7. Qxb7 Nbd7 8.
d4 Be7 9. h3 Bf5 10. Bf4 O-O 11. Nf3 Ne4 12. Nxe4 Bxe4 13. O-O Bf6 14. e3 g5
15. Bh2 h5 16. Rfc1 g4 17. hxg4 hxg4 18. Nd2 Bxg2 19. Kxg2 Bh4 20. Bf4 Nf6 21.
Rh1 Ne8 22. Rh2 Ng7 23. Rah1 Nf5 24. e4 dxe4 25. Qxe4 Qe7 26. Nc4 Rad8 27. Ne3
Rxd4 28. Nxf5 Rxe4 29. Nxe7+ Bxe7 30. Rh8+ Kg7 31. Bh6+ Kxh8 32. Bxf8+ Kg8 33.
Bxe7 f5 34. Rd1 a5 35. Rd2 a4 36. b3 axb3 37. axb3 Kf7 38. Bc5 Re1 39. Rb2 e5
40. b4 Rc1 41. Be3 1-0

[Event "XXIX Miedzynarodowy Festiwal Szachowy CRACOVIA-2018 Grupa B"]
[Site "Krakow, Hotel Galaxy, ul. Gesia 22a"]
[Date "2019.01.02"]
[Round "7.26"]
[White "Nasirov, Ruslan"]
[Black "Czechowski, Jakub"]
[Result "1-0"]
[WhiteElo "2062"]
[BlackElo "1840"]
[PlyCount "59"]
[EventDate "2019.??.??"]

1. c4 Nf6 2. Nc3 g6 3. e4 d6 4. f4 c5 5. Nf3 Bg7 6. Be2 O-O 7. O-O Nc6 8. d3 a6
9. Qe1 Rb8 10. a4 e6 11. Qh4 Nd4 12. f5 Nb3 13. fxg6 Nxa1 14. Ng5 fxg6 15. Rxf6
Rxf6 16. Qxh7+ Kf8 17. e5 Rf5 18. Qxg6 Rxg5 19. Bxg5 Qe8 20. Qh7 d5 21. Bh5 Qd7
22. Bh6 Ke7 23. Qxg7+ Kd8 24. Qf8+ Kc7 25. Qxc5+ Qc6 26. Bf8 Qxc5+ 27. Bxc5 Kd7
28. Bd6 Ra8 29. cxd5 exd5 30. Nxd5 1-0